000
00308nam a22001337a 4500
008
170502b xxu||||| |||| 00| 0 eng d
020
_a
1566625890
041
_a
eng
080
_a
341
100
_a
13
101
_a
SHJ
245
_a
INTERNATIONAL ENVIRONMENTAL LAW AND POLICY
_c
HUNTER, D
942
_2
udc
_c
BK
999
_c
12337
_d
12337